Strategy planning in logistics and transportation
Αποθηκεύτηκε σε:
| Άλλοι συγγραφείς: | |
|---|---|
| Μορφή: | Βιβλίο |
| Γλώσσα: | English |
| Δημοσίευση: |
London :
Kogan Page,
1993
|
| Σειρά: | Cranfield management research series
|
| Θέματα: | |
| Ετικέτες: |
Προσθήκη ετικέτας
Δεν υπάρχουν, Καταχωρήστε ετικέτα πρώτοι!
|
MARC
| LEADER | 00000nam a2200000 i 4500 | ||
|---|---|---|---|
| 001 | 1/57908 | ||
| 008 | 980520s1993 eng d | ||
| 020 | |a 0749411376 | ||
| 035 | |l 10028275 | ||
| 040 | |a GR-MY-UA |b gre |e aacr | ||
| 041 | 0 | |a eng | |
| 082 | 0 | |a 658.7 | |
| 245 | 1 | 0 | |a Strategy planning in logistics and transportation / |c edited by: James Cooper |
| 260 | |a London : |b Kogan Page, |c 1993 | ||
| 300 | |a 280 p. | ||
| 490 | 1 | |a Cranfield management research series | |
| 504 | |a Includes index | ||
| 650 | 0 | 0 | |a Logistics. |
| 700 | 1 | |a Cooper, James, |d 1947- |4 edt | |
| 830 | 0 | |a Cranfield management research series | |
| 852 | |a INST |b CHIOS |e 19980520 |h 658.7 STR |p 005200016498 |q 005200016498 |t BK |y 0 | ||
| 901 | |a BIBL-1998-2 | ||
| 909 | |a Χ |b 054418 | ||
| 922 | |a 2ΕΛΗ |b 199803 |c ΤΔΕ |d ΠΑΠΑΣΩΤΗΡΙΟΥ | ||